Consultation on farm reform extended (Record no. 73538)

MARC details
000 -LEADER
fixed length control field 00976cam a2200205 4500
001 - CONTROL NUMBER
control field WB3937-25
008 - FIXED-LENGTH DATA ELEMENTS--GENERAL INFORMATION
fixed length control field 031002n2003 000 0 eng u
035 ## - SYSTEM CONTROL NUMBER
System control number (Sirsi) u123821
245 ## - TITLE STATEMENT
Title Consultation on farm reform extended
260 ## - PUBLICATION, DISTRIBUTION, ETC.
Date of publication, distribution, etc. 2003
490 ## - SERIES STATEMENT
Series statement DEFRA News Release
Volume/sequential designation (405/03) 1 October 2003 (1)
520 ## - SUMMARY, ETC.
Summary, etc. The government consultation on the reform of the CAP agreement has been extended until 24 October 2003. The extension will allow comments on new EU information on the single payment as it applies to fruit, vegetable and potato growers. Further information on the changes and copies of the consultation document are available from http://www.defra.gov.uk/corporate/consult/capreformthree/index.htm. http://www.defra.gov.uk/news/2003/031001b.htm
590 ## - LOCAL NOTE (RLIN)
Local note WB
650 ## - SUBJECT ADDED ENTRY--TOPICAL TERM
Topical term or geographic name entry element SUSTAINABLE DEVELOPMENT
650 ## - SUBJECT ADDED ENTRY--TOPICAL TERM
Topical term or geographic name entry element CAP REFORM
650 ## - SUBJECT ADDED ENTRY--TOPICAL TERM
Topical term or geographic name entry element CONSULTATION DOCUMENTS
650 ## - SUBJECT ADDED ENTRY--TOPICAL TERM
Topical term or geographic name entry element RURAL DEVELOPMENT REGULATION
690 ## - LOCAL SUBJECT ADDED ENTRY--TOPICAL TERM (OCLC, RLIN)
Topical term or geographic name as entry element Rural
9 (RLIN) 6268
942 ## - ADDED ENTRY ELEMENTS (KOHA)
Suppress in OPAC 0
Holdings
Withdrawn status Lost status Source of classification or shelving scheme Damaged status Not for loan Home library Current library Shelving location Date acquired Total Checkouts Full call number Barcode Date last seen Copy number Price effective from Koha item type
    Dewey Decimal Classification     London London News article 02/10/2003   WB3937-25 123821-1001 06/08/2019 1 06/08/2019 News article